| 000 | 00782cam a22002654a 4500 | ||
|---|---|---|---|
| 005 | 20260322212029.0 | ||
| 008 | data | ||
| 010 | _a 2001055871 | ||
| 020 | _a156924541X | ||
| 020 | _a9781569245415 | ||
| 040 |
_aDLC _cDLC _dDLC |
||
| 042 | _apcc | ||
| 050 | 0 | 0 |
_aRC848.H425 _bB784 2002 |
| 082 | 0 | 0 |
_a616.3/623 _221 |
| 092 | _a616.3 B784 2002 | ||
| 100 | 1 | _aBruce, Cara. | |
| 245 | 1 | 4 |
_aThe first year--hepatitis C : _ban essential guide for the newly diagnosed / _cCara Bruce & Lisa Montanarelli. |
| 246 | 3 | _aHepatitis C | |
| 260 |
_aNew York : _bMarlowe, _cc2002. |
||
| 300 |
_axxvi, 278 p. : _bill. ; _c23 cm. |
||
| 504 | _aIncludes bibliographical references (p. [255]-260) and index. | ||
| 650 | 0 |
_aHepatitis C _vPopular works. |
|
| 700 | 1 | _aMontanarelli, Lisa. | |
| 001 | data | ||
| 999 |
_c670 _d670 |
||